| 000 | 01593cam a2200253 4500 | ||
|---|---|---|---|
| 008 | 050202n2004 000 0 eng u | ||
| 020 | _a0110507754 | ||
| 035 | _a(Sirsi) u128700 | ||
| 041 | _aeng | ||
| 245 | 4 | _aThe Common Agricultural Policy Single Payment and Support Schemes (Cross Compliance) (England) Regulations 2004 | |
| 260 |
_aLondon _bHMSO _c2004 |
||
| 490 |
_aSI _v2004: 3196 |
||
| 520 | _aMakes provision in England for the administration and enforcement of Council Regulation/1782/2003 and Commisson Regulation/796/2004 in relation to cross compliance under the new system of direct support schemes under the Common Agricultural Policy. Cross-compliance is defined in the Explanatory note. Reg 3 designates the SoS as the competent national authority responsible for providing farmers with a list of the statutory management requirements and standards of good agricultural and environmental condition . Reg 4 sets out the standards of good agricultural and environmental conditions which will apply. View at www.legislation.hmso.gov.uk. | ||
| 650 | _aCAP REFORM | ||
| 650 | _aSINGLE PAYMENT SCHEME | ||
| 650 | _aCROSS COMPLIANCE | ||
| 650 | _aCOMMON AGRICULTURAL POLICY SINGLE PAYMENT AND SUPPORT SCHEMES (CROSS COMPLIANCE) (ENGLAND) REGULATIONS 2004 | ||
| 650 | _aCOMMON AGRICULTURAL POLICY | ||
| 650 | _aREGULATION (EC) 1782/2003 | ||
| 650 | _aCOMMISSION REGULATION NO.796 (2004) | ||
| 690 | _aRURAL-FARM BUSINESS MANAGEMENT | ||
| 856 |
_uhttps://www.legislation.hmso.gov.uk/si/si2004/20043196.htm _zView the Regulations on the HMSO website... |
||
| 942 | _n0 | ||
| 999 |
_c103981 _d103981 |
||